[Event "Chester e2e4 op-B"]
[Site "Chester"]
[Date "2013.01.19"]
[Round "2"]
[White "Potter, Steven"]
[Black "Nemcek, Jozef"]
[Result "1-0"]
[WhiteElo "1882"]
[BlackElo "1750"]
[PlyCount "111"]
[EventDate "2013.01.18"]
[EventType "swiss"]
[EventRounds "7"]
[EventCountry "ENG"]
[SourceTitle "EXT 2015"]
[Source "ChessBase"]
[SourceDate "2014.11.20"]
[SourceVersion "1"]
[SourceVersionDate "2014.11.20"]
[SourceQuality "1"]

1. d4 e6 2. Nf3 Nf6 3. Bg5 h6 4. Bh4 Be7 5. Nbd2 d5 6. e3 Nc6 7. a3 a6 8. c4 dxc4 9. Bxc4 0-0 10. 0-0 b5 11. Ba2 Bb7 12. Rc1 b4 13. a4 a5 14. Qc2 Bd6 15. Bb1 Re8 16. Ne4 Be7 17. Bxf6 Bxf6 18. Nc5 Ba6 19. Rfe1 g6 20. Ba2 b3 21. Bxb3 Nb4 22. Qe4 Nd5 23. Ne5 Bg7 24. Qf3 Bxe5 25. dxe5 Nb4 26. Red1 Qg5 27. Nd7 Kg7 28. Nf6 Rf8 29. Nd7 Rfd8 30. Rxc7 Rac8 31. Ra7 Qe7 32. h3 Qg5 33. Bxe6 Qe7 34. Bb3 Bc4 35. Bxc4 Rxc4 36. Rb7 Nc6 37. Qf6+ Qxf6 38. exf6+ Kh7 39. b3 Rc3 40. Kh2 g5 41. Rd5 Nb4 42. Rxa5 Nd3 43. Raa7 Kg6 44. Rb5 Nxf2 45. Ne5+ Kxf6 46. Rxf7+ Ke6 47. Rxf2 Rxe3 48. Nc4 Red3 49. a5 Ra8 50. Re5+ Kd7 51. Rf7+ Kc6 52. Rf6+ Kc7 53. Re7+ Kd8 54. Rb7 Kc8 55. a6 Rd8 56. Nb6# 1-0

[Event "Chester e2e4 op-B"]
[Site "Chester"]
[Date "2013.01.18"]
[Round "1"]
[White "Nemcek, Jozef"]
[Black "Burrows, Nick"]
[Result "0-1"]
[WhiteElo "1750"]
[BlackElo "1900"]
[PlyCount "116"]
[EventDate "2013.01.18"]
[EventType "swiss"]
[EventRounds "7"]
[EventCountry "ENG"]
[SourceTitle "EXT 2015"]
[Source "ChessBase"]
[SourceDate "2014.11.20"]
[SourceVersion "1"]
[SourceVersionDate "2014.11.20"]
[SourceQuality "1"]

1. e4 c6 2. Nc3 d5 3. d4 dxe4 4. Nxe4 Bf5 5. Ng3 Bg6 6. Nf3 Nd7 7. Nh4 e6 8. Nxg6 hxg6 9. c3 Qc7 10. h3 Ngf6 11. Bd2 Bd6 12. Qf3 0-0 13. Bc4 e5 14. 0-0 exd4 15. cxd4 Nb6 16. Bb3 Bxg3 17. fxg3 Qd6 18. Qd3 Rad8 19. Rf4 Nbd5 20. Rh4 Rfe8 21. Rf1 Qe6 22. Re1 Qf5 23. Rxe8+ Rxe8 24. Qxf5 gxf5 25. Kf1 Ne4 26. Bc1 g5 27. Rxe4 Rxe4 28. Bxg5 Rxd4 29. Ke2 c5 30. Bc2 Nb4 31. Bxf5 Nxa2 32. Be3 Rb4 33. Bxc5 Rb5 34. Bxa7 Rxf5 35. Bd4 Nc1+ 36. Ke3 Nb3 37. Bc3 Kh7 38. g4 Rf1 39. g3 Nc5 40. h4 Na4 41. Bd4 Rb1 42. Kd3 Rd1+ 43. Kc4 Rxd4+ 44. Kxd4 Nxb2 45. Kc3 Nd1+ 46. Kd3 Nf2+ 47. Kd4 Nxg4 48. Kc5 Nh6 49. h5 Nf5 50. g4 Ng7 51. Kb6 Kh6 52. Kxb7 Nxh5 53. gxh5 Kxh5 54. Kc6 Kg4 55. Kd5 f5 56. Kd4 f4 57. Kd3 Kf3 58. Kd2 Kg2 0-1